000 01345cam a2200349 i 4500
001 19977996
003 OSt
005 20241015101449.0
008 170906s2018 flua bf 001 0 eng
010 _a 2017041375
020 _a9780367572006
040 _aDLC
_beng
_cAIMIT LIBRARY
_erda
_dDLC
042 _apcc
050 0 0 _aQA76.9.S88
_bH363 2018
082 0 0 _a005.73
_22
_bMEHD
245 0 0 _aHandbook of data structures and applications /
_cEdited by Dinesh P. Mehta and Sartaj Sahni.
246 3 0 _aData structures and applications
250 _a2nd ed.
264 1 _aBoca Raton :
_bCRC Press/Taylor & Francis Group,
_c[2018]
300 _axx,1099p. ;
_c28 cm.
_bPB
336 _atext
_btxt
_2rdacontent
337 _aunmediated
_bn
_2rdamedia
338 _avolume
_bnc
_2rdacarrier
504 _aIncludes bibliographical references and index.
650 0 _aSystem design
_vHandbooks, manuals, etc.
_930636
650 0 _aData structures (Computer science)
_vHandbooks, manuals, etc.
_930637
700 1 _aMehta, Dinesh P.,
_eeditor.
_930638
700 1 _aSahni, Sartaj,
_eeditor.
_930639
906 _a7
_bcbc
_corignew
_d1
_eecip
_f20
_gy-gencatlg
942 _2ddc
_cBK
_e2nd
_k005.73 MEHD
999 _c222519
_d222519